Westside Gunn Songs - Statistics

General Stats
  • This quiz has been taken 235 times
  • The average score is 13 of 22
Answers on the Grid
Answers color-coded by a green-red scale on the quiz's grid according to % correct below.
Elizabeth
Black Birds
God Don't Make Mistakes
Celine Dion
Mr. T
Restart
$500 Ounces
Big Ass Bracelet
FLYGOD 2x
Woke Up This Morning
Paris will be Prayed for
Whoopy
Freestyle
DUMP WORLD
Shoooot Em Up
Why I do em Like that
Wrestlemania 2.0
Witeout
Lunchin
Jose Canseco
Bash money
Litmus Test
Balenciagas on my waist
Margiela Split Toes
KITCHEN LIGHTS
Claiborne Kick
What His Face
Dear Winter Bloody Fiegs
Duran Duran
Up To Some Shit
Danhausen
LET SLY OUT
The Cow
BIG DUMP BALLAD
DON'T EVEN
 
Answer Stats
Answer % Correct
Elizabeth
90%
Mr. T
84%
$500 Ounces
78%
KITCHEN LIGHTS
72%
Margiela Split Toes
66%
Why I do em Like that
66%
FLYGOD 2x
65%
Freestyle
65%
The Cow
62%
Big Ass Bracelet
60%
Celine Dion
60%
Claiborne Kick
60%
BIG DUMP BALLAD
59%
Whoopy
56%
DUMP WORLD
49%
Lunchin
46%
Jose Canseco
42%
Danhausen
41%
Duran Duran
41%
Bash money
39%
Wrestlemania 2.0
38%
Dear Winter Bloody Fiegs
26%
No matching quizzes found
Score Distribution
Percent of People with Each Score
Percentile by Number Answered
Your Score History
You have not taken this quiz